000 01174nam a22003497a 4500
003 CHAP
005 20220329133058.0
008 971013s1988 r 00010 d
010 _a1903
011 _a2875
035 _a2075
040 _cCHAP
090 _aTesis
100 0 0 _aEsparza Paz, Santiago.
_937768
245 _aManual de Organización de la unidad para el desarrollo forestal número dos "El largo-madera"
260 _aChapingo, Méx. :
_bEl Autor,
_c1988
300 _a87 h.
_b: ilus.
500 _aD43-184
502 _aTesis (Ing. Agr. Esp. en Bosques) -- UACH. División de Ciencias Forestales
590 _aALEPH
_b10
_c20130110
_lUCH01
_h1210
590 _aBATCH-UPD
_b10
_c20130110
_lUCH01
_h0048
590 _aBATCH-UPD
_b10
_c20130110
_lUCH01
_h2018
590 _aBATCH-UPD
_b10
_c20130410
_lUCH01
_h1337
590 _aBATCH-UPD
_b10
_c20130914
_lUCH01
_h0705
590 _aCONVERSION
_b10
_c20130109
_lUCH01
_h1302
650 1 4 _aBosques
_xAdministración
_xChihuahua.
_914013
650 1 4 _aOrganización.
_983533
650 1 4 _aPolítica forestal
_xChihuahua.
_990574
901 _aBK
942 _cTESIS
949 _bBC
_cTES
_d-11573
_eTS1
_h24054
_i2075
_si
999 _c1903
_d1903